| 000 | 00863nam a2200217Ia 4500 | ||
|---|---|---|---|
| 001 | 4768 | ||
| 005 | 20260323161247.0 | ||
| 008 | 260306t2015||||xx |||||||||||||| ||spa|| | ||
| 041 | _aESP | ||
| 082 |
_a330.015195 _bW81 2015 |
||
| 100 |
_aWooldridge, Jeffrey M. _eAUT |
||
| 245 | 0 |
_aIntroducción a la econometría: _bun enfoque moderno |
|
| 260 | _c2015 | ||
| 300 |
_axxv, 878 páginas : _c27 cm. |
||
| 650 | _aGEN | ||
| 654 | _aCAN | ||
| 856 |
_uhttps://itmsp.museknowledge.com/UCSP?url=https://www.ebooks7-24.com:443/?il=1305&pg=5 _zVersión digital |
||
| 856 |
_uhttps://0u213tqxr-y-https-ebooks7--24-com.itmsp.museknowledge.com/biblioteca.aspx _zVéase además: Base de datos Ebook7-24 |
||
| 856 |
_uhttps://0u20ftqxv-y-https-research-ebsco-com.itmsp.museknowledge.com/c/qxo6us/search _zVéase además: Base de datos EBSCOhost |
||
| 942 |
_cLIB _dJUS _fJUS _2ddc |
||
| 999 |
_c4768 _d4768 |
||